• 首页
  • 本馆介绍
  • 公告通知
  • 最新文献
  • 馆藏检索
  • 电子资源
  • 读者导购
  • 参考咨询
  • 我的图书馆
  • 登录
  • 详细信息显示
  • 放入我的书架
  • 预约/预借图书
  • 作者相关作品
  • 分类相关作品
  • 丛书相关作品
  • 出版社相关作品

书目信息

  • 表格格式
  • 工作单格式
  • 卡片格式
题名:
感性理性系统分化说
    
 
作者: 程乐华 著
分册:  
出版信息: 北京   机械工业出版社  2021.5
页数: 212页
开本: 23cm
丛书名:
单 册:
中图分类: B017 , B825
科图分类:
主题词: 感性--研究 , 理性--研究 , 人格--研究
电子资源:
ISBN: 978-7-111-67649-2
000 01198nam0 2200313 45
001 012001001363
005 20140820170519.0
010    @a978-7-111-67649-2@dCNY79.00
100    @a20210624d2021 em y0chiy0110 ea
101 0  @achi
102    @aCN@b110000
105    @ay az 000yy
106    @ar
200 1  @a感性理性系统分化说@Agan xing li xing xi tong fen hua shuo@e情理关系的重构@f程乐华著
210    @a北京@c机械工业出版社@d2021.5
215    @a212页@d23cm
300    @a其他题名:情理关系的重构
314    @a程乐华,博士,专注于人格与社会心理学,任教于中山大学心理学系。
320    @a有书目(第200-208页)
330    @a本书作者从2008年起研究心理学艺术化,进行了众多理论和工具创新,并通过多年的观察和实验不断进行理论修正,在已有的双系统理论的启发下,总结和发展出了“感性理性系统分化说”这一人格理论。根据双系统和遗传性–社会化这两个维度,将人格分成了四种类型,详细分析了每种人格类型的特质及其在生活、工作、人际交往等社会领域中的应用。
517 1  @a情理关系的重构
606 0  @a感性@x研究
606 0  @a理性@x研究
606 0  @a人格@x研究
690    @aB017@v5
690    @aB825@v5
701  0 @a程乐华@Acheng le hua@4著
801    @aCN@bAHXH@c20210922
905    @b1248390-4@dB017@e335@f5
    
    感性理性系统分化说:情理关系的重构/程乐华著.-北京:机械工业出版社,2021.5
    212页;23cm
    其他题名:情理关系的重构
    
    ISBN 978-7-111-67649-2:CNY79.00
    本书作者从2008年起研究心理学艺术化,进行了众多理论和工具创新,并通过多年的观察和实验不断进行理论修正,在已有的双系统理论的启发下,总结和发展出了“感性理性系统分化说”这一人格理论。根据双系统和遗传性–社会化这两个维度,将人格分成了四种类型,详细分析了每种人格类型的特质及其在生活、工作、人际交往等社会领域中的应用。
●
相关链接 在E读中查询图书 在五车中查询图书 在当当中查询图书 在豆瓣中查询图书


正题名:感性理性系统分化说     索取号:B017/335         预约/预借

序号 登录号 条形码 馆藏地/架位号 状态 备注
1 1248390   212483908   第一样本阅览室/ [索取号:B017/335] 在馆    
2 1248391   212483917   教育系资料室/ [索取号:B017/335] 在馆    
3 1248392   212483926   教育系资料室/ [索取号:B017/335] 在馆    
4 1248393   212483935   第一借阅区/ [索取号:B017/335] 在馆    
5 1248394   212483944   第一借阅区/ [索取号:B017/335] 在馆    
唐山师范学院图书馆 欢迎您!
大连网信软件有限公司© 版权所有